Länder, die mit I enden - Statistiken

Allgemein
  • Dieses Quiz wurde 782 mal gespielt
  • Das Durchschnittsergebnis liegt bei 6 aus 12
Antwortstatistiken
Land % Korrekt
Brunei
67%
Haiti
62%
Fidschi
61%
Mali
58%
Burundi
57%
Eswatini
55%
Kiribati
55%
Dschibuti
52%
Malawi
50%
Mongolei
45%
Türkei
45%
Slowakei
34%
Keine übereinstimmenden Quizze gefunden
Verteilung der Resultate
Anzahl Personen mit jedem Resultat
Perzentil nach korrekt beantworteten Fragen
Ihre Resultats-Entwicklung
Sie haben dieses Quiz noch nicht gespielt